| 000 | 00423nam a2200121Ia 4500 | ||
|---|---|---|---|
| 008 | 171212s9999 xx 000 0 und d | ||
| 020 | _a9781925021394 | ||
| 245 | _aDeveloping Asian Bondmarkets | ||
| 260 |
_bANU E Press _c2013 |
||
| 650 | _aBond market -- Asia; Bond market -- East Asia; Monetary policy -- Asia; Monetary policy -- East Asia; Bonds | ||
| 650 | _aFinance | ||
| 856 | _uhttp://www.jstor.org/stable/j.ctt5vj74t | ||
| 999 |
_c351070 _d351070 |
||